Previous Club -- Aston Villa Players - Statistics

General Stats
  • This quiz has been taken 21 times
  • The average score is 15 of 22
Answer Stats
Hint Answer % Correct
Jadon Sancho Manchester United
100%
Youri Tielemans Leicester City
95%
Harvey Elliott Liverpool
95%
Victor Lindelof Manchester United
95%
Emiliano Martinez Arsenal
84%
Donyell Malen Borussia Dortmund
84%
Ian Maatsen Chelsea
84%
Amadou Onana Everton
84%
Lucas Digne Everton
79%
Ross Barkley Luton Town
68%
Evann Guessand OGC Nice
68%
Pau Torres Villarreal
68%
Ollie Watkins Brentford
63%
Matty Cash Nottingham Forest
63%
Boubacar Kamara Olympique de Marseille
63%
Tyrone Mings Bournemouth
58%
Emiliano Buendia Bayer 04 Leverkusen
53%
Morgan Rogers Middlesbrough
47%
Ezri Konsa Brentford
42%
John McGinn Hibernian
42%
Marco Bizot Stade Brestois
37%
Andreas Garcia Levante
26%
No matching quizzes found
Score Distribution
Percent of People with Each Score
Percentile by Number Answered
Your Score History
You have not taken this quiz